Tecnica radiológica : (Registro nro. 13042)

Detalles MARC
000 -CABECERA
Longitud fija campo de control 00886nam a2200193 a 4500
003 - • IDENTIFICADOR DELl NÚMERO DE CONTROL
Identificador del número de control CO-ViMGA
008 - • CÓDIGOS DE INFORMACIÓN DE LONGITUD FIJA
Códigos de información de longitud fija 141112s2004 ck r 000 u spa d
040 ## - FUENTE DE LA CATALOGACIÓN
Centro catalogador de origen CO-ViMGA
Lengua de catalogación spa
Centro transcriptor CO-ViMGA
082 04 - • NÚMERO DE LA CLASIFICACIÓN DECIMAL DEWEY
Número de clasificación (R) 616.0757 M372
100 1# - • PUNTO DE ACCESO PRINCIPAL-NOMBRE DE PERSONA
Nombre de persona Meschan, Isadne
245 10 - • TITULO PROPIAMENTE DICHO
Título Tecnica radiológica :
Resto del título posiciones y correlación anatómica
250 ## - • MENCIÓN DE EDICIÓN
Mención de edición 2a
300 ## - • DESCRIPCIÓN FÍSICA
Extensión 563 p : il
505 ## - • NOTA DE CONTENIDO CON FORMATO
Nota de contenido con formato Fundamentos esenciales para el diagnóstico radiológico 27 - - Recaudos de protección en el diagnóstico por rayos X 48 - - La columna vertebral y la medula espinal 129 - - Mediastino y corazón 194 - - Cerebro 276 - - Abdomen y cavidad abdominal 336 - - Aparato urinario 351 - - Aparato genital 381 - - Aparato digestivo 407 - - Tomografía computada de todo el cuerpo 508
650 14 - • PUNTO DE ACCESO ADICIONAL DE MATERIA - TÉRMINO DE MATERIA
Término de materia o nombre geográfico como elemento inicial RADIOLOGIA
942 ## - ENTRADA DE ELEMENTOS AGREGADOS (KOHA)
Fuente de clasificaión o esquema Dewey Decimal Classification
Koha [por defecto] tipo de item LIbro
Existencias
Perdido Fuente de clasificación o esquema Estado Físico No para préstamo Forma de adquisición Localización permanente Localización actual Fecha adquisición Serie de enumeración / cronolog&íacute;a Préstamos totales Signatura completa Código de barras Fecha última consulta Fecha último préstamo Número de copia Fecha del precio de reemplazo Tipo de item de Koha
  Dewey Decimal Classification     Sala Especializada Tercer Piso Biblioteca Pública Germán Arciniegas - Villavicencio Biblioteca Pública Germán Arciniegas - Villavicencio 12/04/2015 Volumen. 1 | 11/jun/2009 1 616.0757 M372 00808 05/30/2017 05/20/2017 Ej. 1 12/04/2015 LIbro









Instituto Departamental de Cultura del Meta - Red Departamental de Bibliotecas Públicas del Meta.